LEADER 01137nam a2200253 i 4500 001 000000106328 003 CaOOAMICUS 005 20070716092159.0 008 070716s2005 it u000 u ita r 040 $aPUL$bita$dLDB 245 00$aMandato di arresto europeo e procedure di consegna :$bcommento alla legge 22 aprile 2005, n. 69 /$ca cura di Luigi Kalb. 260 $aMilano :$bGiuffrè,$c2005. 300 $axii, 917 p. ;$c24 cm. 490 1 $aPrima interpretazione ;$v10 650 04$aDiritto penale.$0(OLS)http://pul/subject/1808 700 1 $aKalb, Luigi.$0(OLS)http://pul/name/65272 830 0$aPrima interpretazione ;$v10.$0(OLS)http://pul/title/133896 850 $aPUL 852 $aPUL$W1$xSL Diritto e Scienze Sociali 3$y79$m341. 488 KALLU 1$j119528$qDDC 21$B119329$CPULBib$Z2$F119329 $H104197 $82 941 1 $a9 960 $aPena (diritto)$91808 960 $aPena (diritto)$91808 996 $6245$aMandato di arresto europeo e procedure di consegna :$bcommento alla legge 22 aprile 2005, n. 69$9(OLS)http://pul/title/133895 996 $6260$aMilano :$bGiuffrè$9(OLS)http://pul/publisher/48401 LEADER 01380nam a2200301 u 4500 001 000000008873 003 CaOOAMICUS 005 20070226105137.0 008 941103s1984 it u000 u ita u 035 $a10227185 040 $aPUL$bita 041 1 $aita$alat$agrc 245 02$aI pagani di fronte al Cristianesimo. :$bTestimonianze dei secoli I e II. /$cA cura di Paolo Carrara. 260 $a[Firenze] :$bNardini-Centro internazionale del Libro,$c[1984] 300 $a157 p. ;$c21 cm 490 1 $aBiblioteca patristica ;$v2 500 $aGreek and Latin with Italian translation. 504 $aBibliografia: p. 151-154. 650 4$aCristianesimo e paganesimo.$0(OLS)http://pul/subject/1477 650 0$aChurch history$yPrimitive and early church, ca. 30-600$xSources.$2//eng$0(OLS)http://pul/subject/7429 700 1 $aCarrara, Paolo.$0(OLS)http://pul/name/8838 830 0$aBiblioteca patristica (Nardini) ;$v2.$0(OLS)http://pul/title/115 850 $aPUL 852 $aPUL$W1$xSL Religione 1$y3$m17 R 2$j12527$nBK-PRI$b $qStampati$B12527$CPULBib$Z2$F12527 $H $81 941 1 $a8 961 $aINV: 56401 996 $6245$aI pagani di fronte al Cristianesimo. :$bTestimonianze dei secoli I e II.$9(OLS)http://pul/title/13013 996 $6260$a[Firenze] :$bNardini-Centro internazionale del Libro$9(OLS)http://pul/publisher/52266